| Tag |
First Indicator |
Second Indicator |
Subfields |
| LEADER |
00000cam a22000008a 4500 |
| 001 |
in00004475821 |
| 005 |
20191202143341.0 |
| 008 |
900531s1990 enka b 00100 ng d |
| 010 |
|
|
|a gb 90033073
|
| 015 |
|
|
|a GB90-33073
|
| 020 |
|
|
|a 0856610569 :
|c £18.00
|
| 035 |
|
|
|a (OCoLC)21971088
|
| 035 |
|
|
|9 AAE4476MS
|
| 035 |
|
|
|z (UtOrBLW)14628
|
| 035 |
|
|
|a 25545
|
| 040 |
|
|
|a UKM
|c UKM
|d TMV
|d UtOrBLW
|
| 043 |
|
|
|a e-uk---
|
| 049 |
|
|
|a TMVM
|c 1
|
| 050 |
1 |
4 |
|a QL676.5
|
| 060 |
|
4 |
|a QL 676.7
|b R312 1990
|
| 082 |
0 |
4 |
|a 639.9780941
|2 20
|
| 245 |
0 |
0 |
|a Red data birds in Britain :
|b action for rare, threatened and important species /
|c edited by L.A. Batten [and others] ; illustrated by Ian Willis.
|
| 264 |
|
1 |
|a London :
|b Poyser,
|c 1990.
|
| 300 |
|
|
|a viii, 349 pages :
|b illustrations ;
|c 25 cm.
|
| 336 |
|
|
|a text
|2 rdacontent
|b txt
|
| 337 |
|
|
|a unmediated
|2 rdamedia
|
| 338 |
|
|
|a volume
|2 rdacarrier
|b nc
|
| 500 |
|
|
|a "Published for the Nature Conservancy Council and the Royal Society for the Protection of Birds."
|
| 504 |
|
|
|a Includes bibliographical references and index.
|
| 650 |
|
2 |
|a Birds.
|
| 650 |
|
2 |
|a Conservation of Natural Resources.
|
| 651 |
|
2 |
|a United Kingdom.
|
| 700 |
1 |
|
|a Batten, L. A.
|
| 710 |
2 |
|
|a Nature Conservancy Council (Great Britain)
|
| 710 |
2 |
|
|a Royal Society for the Protection of Birds.
|
| 999 |
|
|
|a MARS
|
| 999 |
f |
f |
|s f019d724-38a1-33ef-a560-416d9f59fbe1
|i 8f48d6ab-bc54-3b27-9c46-ae46185179f6
|t 0
|
| 952 |
f |
f |
|p preservation
|a Texas A&M University
|b J.J. Pickle Campus
|c High Density Repository
|d Remote Storage
|t 0
|e QL 676.7 R312 1990
|h National Library of Medicine classification
|i unmediated -- volume
|m 3238900988108
|
| 998 |
f |
f |
|a QL 676.7 R312 1990
|t 0
|l Remote Storage
|